000 00556nam a22002177a 4500
003 URS
005 20250828100518.0
008 250320b ||||| |||| 00| 0 eng d
020 _a9781473944527
040 _cURS
050 _aLC189
_b.S674 2016
100 _911481
_aOzga, Jenny
245 _aSociology of Education
264 _aLondon
_bSAGE Publications
_c©2016
300 _c25 cm.
336 _2rdacontent
_atext
337 _2rdamedia
_aunmediated
338 _2rdacarrier
_avolume
650 0 _92755
_aEducational sociology
942 _2lcc
_cR
999 _c85133
_d85131